000 00699nam a2200205Ia 4500
999 _c48433
_d48433
001 15325
003 GE_BSU
005 20241015111223.0
008 181216s1968||||ge |||||||||||||| ||geo||
040 _cGE_BSU
041 _ageo
080 _a821.353.1-31 ყ-56
100 _aყიფიანი, ედიშერ
_923395
245 _aწითელი ღრუბლები :
_bრომანი /
_cედიშერ ყიფიანი.
264 _aთბილისი :
_bსაბჭ. საქართველო,
_c1968.
300 _a379 გვ.:
_b21 სმ.
653 _aრომანი
653 _aწითელი ღრუბლები
942 _cBK
_2udc